Reformas en la legislación de bolsa / (Record no. 187951)

MARC details
000 -LEADER
campo de control de longitud fija 00769nam a2200193 i 4500
001 - NÚMERO DE CONTROL
campo de control 187951
003 - IDENTIFICADOR DE NÚMERO DE CONTROL
campo de control ES-MaACL
005 - FECHA Y HORA DE LA ÚLTIMA TRANSACCIÓN
campo de control 20250603182318.0
008 - DATOS DE LONGITUD FIJA--INFORMACIÓN GENERAL
campo de control de longitud fija 180328s1892 sp |||| | spa d
100 1# - ENTRADA PRINCIPAL--NOMBRE DE PERSONA
Nombre de persona Ucelay, Enrique.
9 (RLIN) 133434
245 10 - MENCIÓN DEL TÍTULO
Título Reformas en la legislación de bolsa /
Mención de responsabilidad, etc. conferencia pronunciada por Enrique Ucelay el día 2 de abril de 1892.
260 ## - PUBLICACIÓN, DISTRIBUCIÓN, ETC.
Lugar de publicación, distribución, etc. [S.l. :
Nombre del editor, distribuidor, etc. s.n.],
Fecha de publicación, distribución, etc. 1892 (
Lugar de fabricación/manufactura Madrid :
Fabricante Estab. Tip. de "El Liberal")
300 ## - DESCRIPCIÓN FÍSICA
Extensión 47 p. ;
Dimensiones 23 cm.
594 ## - Nota al título y mención de responsabilidad
Nota al título y mención de responsabilidad Precede al tít.: Círculo de la Unión Mercantil e Industrial.
650 #4 - PUNTO DE ACCESO ADICIONAL DE MATERIA--TÉRMINO DE MATERIA
Término de materia o nombre geográfico como elemento de entrada Bolsas de valores-
Subdivisión geográfica España.
9 (RLIN) 170406
651 #7 - PUNTO DE ACCESO ADICIONAL DE MATERIA--NOMBRE GEOGRÁFICO
Nombre geográfico España-
Subdivisión general Política comercial-
Subdivisión cronológica S.XIX
Fuente del encabezamiento o término
9 (RLIN) 172067
852 ## - LOCALIZACIÓN
Ubicación ES-MaACL
Número de control de estantería F-13197(4)
Nota libre - Dedicatoria autógrafa del autor
Holdings
Estatus retirado Estado de pérdida Estado de daño No para préstamo Colección Biblioteca de origen Biblioteca actual Ubicación en estantería Fecha de adquisición Fuente de adquisición Total de préstamos Signatura topográfica completa Código de barras Visto por última vez Precio de reemplazo Tipo de ítem Koha
        Libros del s. XIX Biblioteca del Ateneo de Madrid Biblioteca del Ateneo de Madrid Sala Pecera Planta 2 28/03/2018     F-13197(4) 1198603 23/02/2023 23/02/2023 Libro impreso antiguo